1462 1251 1439 1845 1451 1061 1824 1081 1064 1838 1677 1496 1157 1854 1459 1686 1569 1139 1288 1426 1230 1036 1544 1347 1551 1177 1948 1848 1115 1467 1239 1494 1089 1818 1618 1116 1731 1902 1269 1883 1434 1049 1734 1487 1599 1422 1107 1647 1550 1574 1708 1015 1842 1713 1165 1933 1657 1981 1880 1238 1422 1316 1577 1725 1428 1294 1989 1575 1226 1943 1884 1990 1858 1930 1437 1214 1829 1387 1495 1532 1411 1058 1136 1229 1921 1754 1047 1345 1714 1641 1443 1009 1386 1677 1510 1804 1035 1319 1496 BCNSPRNW ULIB Ver.6.0+V

เปลี่ยนเป็นภาษาไทย

Change to English
 แสดงรายละเอียดบรรณานุกรม
  กลับหน้าหลัก

Brief Record : Get Marc (ISO 2709) : E-mail record : QR code < ปิดหน้าต่าง
LEADER : 00000nam 2200000uu 4500
001    13399123260
003     ULIB
008    140807s2551||||th 000 0 tha d
020    9789741632466
090    นว
100 0  ฮากึนชั่น และคนอื่นๆ
245 00 ทะเลและผีเสื้อ/^cฮากึนชั่น และคนอื่นๆ แปลโดยกนกวรรณ สาโรจน์, อุไรวรรณ จิตเป็นธม คิม
260    ู^c2551
700 0  นกวรรณ สาโรจน์,ผู้แปล
710 1  อุไรวรรณ จิตเป็นธม คิม,ผู้แปล
945    ^p0^l0^i024965
999    ^aเกษร โพธิ์สุวรรณ
รายการนี้ยังไม่มีแท็ก
คุณยังไม่ได้ล็อกอิน คุณสามารถมีกิจกรรมร่วมกับเว็บไซต์ได้ แต่ต้องล็อกอินก่อน ::
  ล็อกอิน

รายการสื่อสารสนเทศ

ลำดับที่ ประเภท เลขเรียก/บาร์โค้ด สถานที่ สถานะ
1. นวนิยาย
นวนิยาย
นว ฉ.1 
  Barcode: 024965
ห้องสมุดวิทยาเขตสวรรค์ประชารักษ์
►นวนิยาย
บนชั้น
  ขอยืม

BibComment


ยังไม่เคยถูกคอมเมนท์

คอมเมนท์ทรัพยากรรายการนี้
  คอมเมนท์: ทะเลและผีเสื้อ ฮา..


 Copyright 2026. Bcnsprnw @Library